Statistics for Double N Geography Answers

Click here to take the quiz!

General Stats

  • This quiz has been taken 154 times
  • The average score is 10 of 18

Answer Stats

HintAnswer% Correct
Biggest city in South AfricaJohannesburg
91%
Capital of West Germany (1949 - 1990)Bonn
87%
It conects France and the UK below the sea bottomChannel Tunnel
79%
Largest denomination of IslamSunni
77%
Austrian Winter Olympics host cityInnsbruck
75%
Demonym of FinlandFinnish
71%
The US national anthemThe Star-Spangled Banner
66%
Lake and capital in ManitobaWinnipeg
63%
2nd U.S. statePennsylvania
60%
Autonomus region in China with large Mongol minorityInner Mongolia
51%
The longest mountain range entirely within ItalyApennines
47%
Longest river in IrelandShannon
47%
Capital of Tamil NaduChennai
42%
"ism" practiced in OceaniaCannibalism
33%
Officialy language of BangaloreKannada
26%
Naked little boy urinating fountain in BrusselsManneken Pis
26%
Massif in the Himalayas in north-central NepalAnnapurna
12%
Longest mountain range in IndochinaAnnamite
7%

Score Distribution

Percentile by Number Answered

Percent of People with Each Score

Your Score History

You have not taken this quiz